| 000 | 00624pam a2200193 a 4500 | ||
|---|---|---|---|
| 020 | _a0205113192 : | ||
| 082 | 0 | 0 |
_a005.133 _bBAR _cm-L-02,.P-175 |
| 100 | 1 |
_aBarnard, David T. _936675 |
|
| 245 | 1 | 0 |
_aPascal for engineers / _cDavid T. Barnard, David B. Skillicorn. |
| 260 |
_aBoston : _bAllyn and Bacon, _cc1988. |
||
| 300 |
_axxi, 472 p. ; _c24 cm. |
||
| 500 | _aIncludes index. | ||
| 526 |
_a0 _b0 _c0 _d005_133000000000000_BAR |
||
| 650 | 0 |
_aEngineering _xData processing. _919414 |
|
| 650 | 0 |
_aMCE _9379 |
|
| 650 | 0 |
_aPascal (Computer program language) _914014 |
|
| 700 | 1 |
_aSkillicorn, David B. _936676 |
|
| 942 |
_2ddc _cBK |
||
| 999 |
_c541684 _d541684 |
||